| Tag |
First Indicator |
Second Indicator |
Subfields |
| LEADER |
00000cam a2200000Ia 4500 |
| 001 |
in00002784400 |
| 005 |
20151202172116.0 |
| 007 |
cr ||||||||||| |
| 008 |
840521s1962 dcuaf b f000 0 eng d |
| 035 |
|
|
|a (OCoLC)ocm10756543
|
| 035 |
|
|
|a (OCoLC)10756543
|
| 040 |
|
|
|a NSL
|c NSL
|d OCL
|d OWU
|d OCLCQ
|d UV$
|d TXJ
|d OCLCQ
|d WAU
|d NRU
|d UtOrBLW
|
| 043 |
|
|
|a n-us-ak
|
| 049 |
|
|
|a TXAM
|
| 050 |
1 |
4 |
|a QE75
|b .P9 no.304-A
|
| 082 |
0 |
4 |
|a 557.3
|b U58p no. 304-A
|
| 086 |
0 |
|
|a I 19.16:304-A
|
| 245 |
0 |
0 |
|a Seismic and gravity surveys of Naval Petroleum Reserve no. 4 and adjoining areas, Alaska /
|c by John R. Woolson [and others].
|
| 264 |
|
1 |
|a Washington :
|b U.S. G.P.O.,
|c 1962.
|
| 300 |
|
|
|a iv, 25 pages :
|b illustrations, plates ;
|c 29 cm.
|
| 336 |
|
|
|a text
|b txt
|2 rdacontent
|
| 337 |
|
|
|a computer
|b c
|2 rdamedia
|
| 338 |
|
|
|a online resource
|b cr
|2 rdacarrier
|
| 490 |
1 |
|
|a Exploration of Naval Petroleum Reserve no. 4 and adjacent areas, northern Alaska, 1944-53. Part 4, Geophysics
|
| 490 |
1 |
|
|a Geological Survey professional paper ;
|v 304-A
|
| 500 |
|
|
|a "Prepared and published at the request of and in cooperation with the U.S. Department of the Navy, Office of Naval Petroleum and Oil Shale reserves."
|
| 500 |
|
|
|a Accompanied by 19 plates.
|
| 530 |
|
|
|a Also issued electronically via World Wide Web in PDF format.
|
| 504 |
|
|
|a Includes bibliographical references (page 25).
|
| 650 |
|
0 |
|a Seismology
|z Alaska
|z National Petroleum Reserve Region.
|
| 650 |
|
0 |
|a Gravity
|z Alaska
|z National Petroleum Reserve Region.
|
| 650 |
|
0 |
|a Geophysical surveys
|z Alaska
|z National Petroleum Reserve Region.
|
| 700 |
1 |
|
|a Woolson, John R.
|
| 710 |
2 |
|
|a Geological Survey (U.S.)
|
| 830 |
|
0 |
|a Exploration of Naval Petroleum Reserve no. 4 and adjacent areas, northern Alaska, 1944-53.
|n Part 4,
|p Geophysics.
|
| 830 |
|
0 |
|a Geological Survey professional paper ;
|v 304-A.
|
| 856 |
4 |
1 |
|u http://www.dggs.dnr.state.ak.us/pubs/pubs?reqtype=citation&ID=3836
|t 0
|
| 948 |
|
|
|a cataloged
|b h
|c 2012/12/17
|d c
|e mvaldespin
|f 10:41:59 am
|
| 994 |
|
|
|a C0
|b TXA
|
| 999 |
|
|
|a MARS
|
| 999 |
f |
f |
|s 44b4055a-a473-36c3-b2b4-2b821afbb420
|i 21434318-1a08-31f3-945c-384f65d1ca37
|t 0
|
| 952 |
f |
f |
|p normal
|a Texas A&M University
|b College Station
|c Sterling C. Evans Library
|d Evans: US Documents (Annex 5th floor)
|t 0
|e I 19.16:304-A
|h Superintendent of Documents classification
|i computer -- online resource
|m A14837789315
|
| 998 |
f |
f |
|a I 19.16:304-A
|t 0
|l Evans: US Documents (Annex 5th floor)
|